000 00326 a2200133 4500
999 _c324960
_d324960
001 89887
003 NUST
082 _a823.8 DIC
100 _aDickens Charles
_9386
245 _aThe pickwick papers
_ccharles dickens
260 _aDelhi
_bRohan Book Company
_c2004
300 _a760p.
500 _aGeneral Books
942 _aCAE NUST
_cBK
_k823.8 DIC
_2ddc